000 00771nam0a22002291 4500
001 rc\2926015
005 20250529225456.0
035 _a(NLR Aleph) 007075824
090 _a6426536
_c6426536
100 _a20071205d1933 |||y0rusy50 ca
101 0 _arus
102 _aRU
105 _aa z ||||y
200 1 _aНовейшая техника швейной промышленности
_eОпыт америк. швейной пром-сти
_fВ.М. Шехман
210 _aМосква
_cГизлегпром
_d1933
_eКалинин
_gтип. им. К. Маркса
215 _aОбл., 44 с.
_cил.
_d23х15 см
700 1 _aШехман
_bВ.М.
801 0 _aRU
_bNLR
_gpsbo
801 1 _aRU
_bELAR
_2rusmarc
852 _aNLR
_j33-11/832
942 _cBOOK
980 _aNB